000 01043nam a22002777a 4500
001 7877
003 FISKH
005 20250813083526.0
008 250813b cb ||||| |||| 00| 0 eng d
040 _aFISKH
_beng
_cFISKH
_dFISKH
050 _aPZ8.S495 P
082 _a636.7
100 _aSeymour, Peter
245 _aPatrick and the hungry puppy :
_bFingers puppy fun especially for you /
_cWritten by Peter Seymour ; Designed by Keith Moseley ; Illustrated by Carol Wynne
260 _aLos Angeles :
_bIntervisual Communications,
_c1986.
300 _a20 unnumbered pages :
_bcolor illustrations ;
_c20 cm
505 _aE
520 _aAfter his hungry puppy refuses to eat a carrot, some hay, and even a wiggly worm, Patrick realizes what the little dog really wants for lunch.
521 8 _a170
_bLexile
521 8 _aE
_bRaz-Plus
650 _aAnimals
_vPuppets
_xFinger puppet
_yFriendship
700 _aMoseley, Keith
_eDesigner
700 _aWynne, Carol
_eillustrator
942 _2ddc
_cBK
_n0
999 _c7877
_d7877